00306nam a2200109Ia 4500008004100000100002100041245005900062260000900121300003200130440002400162650001000186180117s9999 xx 000 0 und d aby Angelo Garcia aPreserving the Pages of Philippine History and Culture c2017 a14-16 pages, 2017 October 1 aPhilippine Panorama aPAGES